Niebla / (Registro nro. 1361)

000 -CABECERA
campo de control de longitud fija 00998nam a2200253 a 4500
001 - NÚMERO DE CONTROL
campo de control 000024476
005 - FECHA Y HORA DE LA ÚLTIMA TRANSACCIÓN
campo de control 20200120222104.0
008 - DATOS DE LONGITUD FIJA--INFORMACIÓN GENERAL
campo de control de longitud fija 030830s2001 sp a er0 f spa d
020 ## - NÚMERO INTERNACIONAL ESTÁNDAR DEL LIBRO
Número Internacional Estándar del Libro 8437603476
090 ## - LOCALMENTE ASIGNADO TIPO-LC NÚMERO DE CLASIFICACIÓN (OCLC); NÚMERO DE CLASIFICACIÓN LOCAL (RLIN)
Número de clasificación (OCLC) (R) ; Numero de clasificación, CALL (RLIN) (NR) AN
Número cutter local (OCLC) ; Número de libro/Signatura topográfica íntegra, CALL (RLIN) UNAni 2001
100 0# - ENTRADA PRINCIPAL--NOMBRE DE PERSONA
Nombre de persona Unamuno, Miguel de
245 10 - MENCIÓN DE TÍTULO
Título Niebla /
Mención de responsabilidad, etc. Miguel de Unamuno; edición de Mario J. Valdés.
250 ## - MENCIÓN DE EDICIÓN
Mención de edición 17a. ed.
260 ## - PUBLICACIÓN, DISTRIBUCIÓN, ETC.
Lugar de publicación, distribución, etc. Madrid :
Nombre del editor, distribuidor, etc. Cátedra,
Fecha de publicación, distribución, etc. 2001.
300 ## - DESCRIPCIÓN FÍSICA
Extensión 300 p.
490 #0 - MENCIÓN DE SERIE
Mención de serie Letras hispánicas
Designación de volumen o secuencia 154
500 ## - NOTA GENERAL
Nota general 18a. reimpresión de 2002 Ejs. 3 y 4 de Ceic Cudadela, Icef, Ceic Chicala, Ejs. 1, 2 y 3 de Ceic Norte: Plan
500 ## - NOTA GENERAL
Nota general Lector 2009, ISBN: 978-84-376-0347-6, 22a. ed. de 2008; Ej.4 de Biblioparque Funza: 22a. ed. de 2008; ISBN: 9788437603476
500 ## - NOTA GENERAL
Nota general Ej.7 de Ceic Norte reimpresión de 1999
-- Ej.1, 2 y 3 de la Biblioteca de Mosquera 22a. ed. 2008, ISBN : 8437603476
650 14 - PUNTO DE ACCESO ADICIONAL DE MATERIA--TÉRMINO DE MATERIA
Término de materia o nombre geográfico como elemento de entrada Literatura española
650 24 - PUNTO DE ACCESO ADICIONAL DE MATERIA--TÉRMINO DE MATERIA
Término de materia o nombre geográfico como elemento de entrada Novela española
650 24 - PUNTO DE ACCESO ADICIONAL DE MATERIA--TÉRMINO DE MATERIA
Término de materia o nombre geográfico como elemento de entrada Amor en la literatura
700 1# - PUNTO DE ACCESO ADICIONAL--NOMBRE DE PERSONA
Nombre de persona Valdés, Mario J.,
Término indicativo de función/relación ed.
Existencias
Estado de retiro Estado de pérdida Fuente del sistema de clasificación o colocación Estado dañado No para préstamo Código de colección Localización permanente Ubicación/localización actual Fecha de adquisición Número de inventario Total de préstamos Renovaciones totales Signatura topográfica completa Código de barras En préstamo Fecha visto por última vez Fecha del último préstamo Número de copia Precio válido a partir de Tipo de ítem Koha Nota pública Fuente de adquisición
          Literatura Adulto Biblioteca Pública San Juan Bosco Biblioteca Pública San Juan Bosco 20/01/2020 100268 8 1 AN UNAni 2001 MOS003574 05/12/2025 18/11/2025 18/11/2025 ej.1 20/01/2020 Libro Literatura Quince días  
          Literatura Adulto Biblioteca Pública San Juan Bosco Biblioteca Pública San Juan Bosco 20/01/2020 100269 1   AN UNAni 2001 MOS003621   06/09/2022 23/08/2022 ej.2 20/01/2020 Libro Literatura Quince días  
          Literatura Adulto Biblioteca Pública San Juan Bosco Biblioteca Pública San Juan Bosco 20/01/2020 100270 6   AN UNAni 2001 MOS003718   23/07/2024 08/07/2024 ej.3 20/01/2020 Libro Literatura Quince días  
          Literatura Adulto Biblioteca Pública San Juan Bosco Biblioteca Pública San Juan Bosco 07/06/2022       AN UNAni MOS502351   17/08/2022   ej.4 07/06/2022 Libro Literatura Quince días COMPRA 2022
          Literatura Adulto Biblioteca Pública San Juan Bosco Biblioteca Pública San Juan Bosco 08/06/2022   1   AN UNAni MOS502364   20/09/2022 01/09/2022 ej.5 08/06/2022 Libro Literatura Quince días COMPRA 2022

© Todos los derechos reservados para la Biblioteca Pública Municipal San Juan Bosco, 2020
Secretaria de Cultura de Mosquera
Carrera 3 N° 10 Esquina Centro Cultural Barrio El Carmén Teléfono: 8270830 Ext: 34
Funcionando con KOHA
Contacto: Biblioteca Pública Municipal San Juan Bosco/ bibliotecasanjuanbosco@mosquera-cundinamarca.gov.co
Mosquera, Cundinamarca